Magdalena

Na minha lista:
Detalhes bibliográficos
Autor principal: Fernández Guardia, Ricardo
Formato: Livro
Idioma:Undetermined
Publicado em: San José, Costa Rica Fernández Arce 1994
Edição:2
Assuntos:
Tags: Adicionar Tag
Sem tags, seja o primeiro a adicionar uma tag!

MARC

LEADER 00000nam a2200000Ia 4500
008 170316s9999 xx 000 0 und d
040 |a cru BVZT 
090 |a 868 F-7m 
100 |a Fernández Guardia, Ricardo 
245 |a Magdalena 
250 |a 2 
260 |a San José, Costa Rica 
260 |b Fernández Arce 
260 |c 1994 
300 |a 109 páginas 
650 |a LITERATURA COSTARRICENSE 
999 |c 11052  |d 11052 
942 |c 15 D  |h 868 F-7m  |2 z